Vainqueurs de la Ligue des champions de l'UEFA - Statistiques

Statistiques générales
  • Ce quiz a été pris 509 fois
    83 depuis la dernière actualisation
  • Le résultat moyen est 66 sur 70
Statistiques - réponses
Édition Vainqueur % Correct
1956 Real Madrid
100%
1957 Real Madrid
100%
1958 Real Madrid
100%
1959 Real Madrid
100%
1960 Real Madrid
100%
1966 Real Madrid
100%
1998 Real Madrid
100%
2000 Real Madrid
100%
2002 Real Madrid
100%
2014 Real Madrid
100%
2016 Real Madrid
100%
2017 Real Madrid
100%
2018 Real Madrid
100%
2022 Real Madrid
100%
2024 Real Madrid
100%
1974 Bayern Munich
99%
1975 Bayern Munich
99%
1976 Bayern Munich
99%
2001 Bayern Munich
99%
2013 Bayern Munich
99%
2020 Bayern Munich
99%
1992 FC Barcelone
99%
2006 FC Barcelone
99%
2009 FC Barcelone
99%
2011 FC Barcelone
99%
2015 FC Barcelone
99%
2025 Paris Saint-Germain
99%
1963 AC Milan
97%
1969 AC Milan
97%
1989 AC Milan
97%
1990 AC Milan
97%
1994 AC Milan
97%
2003 AC Milan
97%
2007 AC Milan
97%
1964 Inter Milan
97%
1965 Inter Milan
97%
2010 Inter Milan
97%
1968 Manchester United
97%
1999 Manchester United
97%
2008 Manchester United
97%
2012 Chelsea FC
96%
2021 Chelsea FC
96%
1977 Liverpool FC
96%
1978 Liverpool FC
96%
1981 Liverpool FC
96%
1984 Liverpool FC
96%
2005 Liverpool FC
96%
2019 Liverpool FC
96%
2023 Manchester City
96%
1993 Olympique de Marseille
96%
1971 Ajax Amsterdam
92%
1972 Ajax Amsterdam
92%
1973 Ajax Amsterdam
92%
1995 Ajax Amsterdam
92%
1987 FC Porto
90%
2004 FC Porto
90%
1985 Juventus
90%
1996 Juventus
90%
1979 Nottingham Forest
86%
1980 Nottingham Forest
86%
1988 PSV Eindhoven
86%
1961 Benfica Lisbonne
83%
1962 Benfica Lisbonne
83%
1991 Étoile rouge de Belgrade
77%
1982 Aston Villa
76%
1967 Celtic Glasgow
75%
1997 Borussia Dortmund
72%
1983 Hambourg SV
70%
1970 Feyenoord Rotterdam
69%
1986 Steaua Bucarest
69%
Aucun quiz correspondant
Distribution des résultats
% des personnes avec chaque résultat
Percentile par nombre de réponses
Votre historique - résultats
Vous n’avez pas pris ce quiz depuis la dernière actualisation